Gobierno propio en la Selva de Matavén (Registro nro. 17777)
[ vista simple ]
| 000 -CABECERA | |
|---|---|
| Campo de control | 01373nam a22002417a 4500 |
| 005 - FECHA Y HORA DE LA ULTIMA TRANSACCION | |
| Campo de control | 20150917162235.0 |
| 008 - ELEMENTOS DE LONGITUD FIJA—INFORMACION GENERAL | |
| Campo de control | 150917t2015 ck |||||r|||| 00| 0 spa d |
| 040 ## - FUENTE DE CATALOGACIÓN | |
| Agencia catalogadora original | CO-BoIAVH |
| Agencia transcriptora | CO-BoIAVH |
| 041 0# - IDIOMA | |
| Código de idioma para texto/pista de sonido o título separado | Español |
| 044 ## - PAÍS DE PUBLICACIÓN | |
| País de publicación | Colombia |
| 082 04 - NUMERO DE CLASIFICACION DECIMAL DEWEY | |
| Número de clasificación | 307.77 |
| Número del ítem | P73p |
| 110 2# - ASIENTO PRINCIPAL--NOMBRE CORPORATIVO | |
| Nombre corporativo o de jurisdicción como elemento de entrada | Programa de las Naciones Unidas para el Desarrollo (PNUD) |
| 9 (RLIN) | 33922 |
| 245 1# - MENCION DE TITULO | |
| Título | Gobierno propio en la Selva de Matavén |
| Parte restante del título | aportes para el fortalecimiento de la gobernanza indígena / |
| Mención de responsabilidad | Programa de las Naciones Unidas para el Desarrollo |
| 260 ## - PUBLICACION, DISTRIBUCION, ETC. (PIE DE IMPRENTA) | |
| Lugar de publicación, distribución, etc. | Colombia: |
| Nombre del editor, distribuidor, etc. | Programa de las Naciones Unidas para el Desarrollo, |
| -- | Acatisema, |
| -- | Instituto de Investigación de Recursos Biológicos Alexander von Humboldt, |
| -- | Guiana Shield Facility, |
| Fecha de publicación, distribución, etc. | 2015. |
| 300 ## - DESCRIPCION FISICA | |
| Extensión | 36 páginas : |
| Otros detalles físicos | mapas y fotografías a color ; |
| Dimensiones | 23 cm |
| 500 ## - NOTA GENERAL | |
| Nota general | Proyecto regional fondo para la conservación del Escudo Guyanés-GSF<br/>Fortalecimiento de la gobernanza de las comunidades indígenas de la Selva de Matavén para la toma de decisiones participativas orientadas a la conservación del medio ambiente y la biodiversidad. |
| 650 #4 - ASIENTO SECUNDARIO DE MATERIA - TERMINO TEMATICO | |
| Término temático o nombre geográfico como elemento de entrada | Comunidades indígenas |
| Subdivisión general | gobernanza |
| 9 (RLIN) | 38698 |
| 650 #6 - ASIENTO SECUNDARIO DE MATERIA - TERMINO TEMATICO | |
| Término temático o nombre geográfico como elemento de entrada | Comunidades indígenas |
| Subdivisión general | Políticas |
| 9 (RLIN) | 38699 |
| 650 #6 - ASIENTO SECUNDARIO DE MATERIA - TERMINO TEMATICO | |
| Término temático o nombre geográfico como elemento de entrada | Comunidades indígenas |
| Subdivisión general | Territorio |
| 9 (RLIN) | 38700 |
| 650 #4 - ASIENTO SECUNDARIO DE MATERIA - TERMINO TEMATICO | |
| Término temático o nombre geográfico como elemento de entrada | Comunidades indígenas |
| Subdivisión general | Organización |
| 9 (RLIN) | 38701 |
| 651 #4 - ASIENTO SECUNDARIO DE MATERIA - NOMBRE GEOGRAFICO | |
| Nombre geográfico | Colombia |
| Subdivisión geográfica | Vichada |
| -- | Selva de Matavén |
| 9 (RLIN) | 38702 |
| 942 ## - ELEMENTOS ADICIONALES (KOHA) | |
| Sistema de clasificación | Dewey Decimal Classification |
| Tipo de ítem | Folleto |
| Withdrawn status | Lost status | Sistema de Clasificación | Damaged status | No para préstamo | Inventariado | Ubicación Permanente | Ubicación actual | Fecha de adquisición | Total Checkouts | Número topográfico | Inventario / Código de Barras | Date last seen | Ejemplar | Price effective from | Forma de adquisición | Tipo de material |
|---|---|---|---|---|---|---|---|---|---|---|---|---|---|---|---|---|
| Dewey Decimal Classification | Inventariado 2017 | Bogotá | Bogotá | 17/09/2015 | LB-307.77 P73p | 039240 | 17/09/2015 | Ej. 1 | 17/09/2015 | Folleto | ||||||
| Dewey Decimal Classification | Inventariado 2017 | Sala Fabio Quevedo | Sala Fabio Quevedo | 17/09/2015 | LB-307.77 P73p | 039239 | 17/09/2015 | Ej. 2 | 17/09/2015 | Folleto |